00545nam a2200193Ia 4500008004100000020001400041050001600055100002600071245001700097245002900114260001500143260001400158260000900172300001500181300002000196300001000216999001900226952010600245170918s9999 xx 000 0 und d a78686947X bS827he 2001 aStepanek, Mattie J.T. aHeartsongs / cby Mattie J.T. Stepanek. aNew York : bHyperion, c2001 a35 pages : billustrations ; c23cm. c343731d343731 001040aSSISMbSSISMd2017-09-18l0oFIC S827he 2001pSSISM2803r2017-09-18 00:00:00w2017-09-18yBK